| 000 | 00456cam a22001337a 4500 | ||
|---|---|---|---|
| 008 | 180718b1948 xxu||||| |||| 00| 0 eng d | ||
| 082 | _aF51x54 B651 | ||
| 100 | _aBose, Subhas Chandra | ||
| 245 |
_aNetaji's life and writings _cby Subhas Chandra Bose |
||
| 260 |
_aCalcutta,etaji _bPublished for Netaji Publication Society _c1948 |
||
| 300 | _a440p | ||
| 500 | _aPart 2, The Indian struggle, 1920-1934 | ||
| 650 | _aIndia --Politics and government --1919-1947 | ||
| 999 |
_c341482 _d341482 |
||